Predicción y evaluación personalizada /

Guardado en:
Autor Principal: García Hoz, Víctor
Formato: Libro
Publicado: Buenos Aires : Docencia, 1981
Edición:2a. ed.
Series:Interacci¢n educativa, 4
Materias:
Etiquetas: Agregar Etiqueta
Sin Etiquetas, Sea el primero en etiquetar este registro!
LEADER 00569nam a22002055a 4500
001 CEM.cems006878
005 20060214000000.0
008 130507s1981##################000#0#####d
003 CEMS
082 0 4 |a 370.7 
100 1 |a García Hoz, Víctor 
245 1 0 |a Predicción y evaluación personalizada / 
250 |a 2a. ed. 
260 |a Buenos Aires :  |b Docencia,  |c 1981 
300 |a 37 p. 
490 0 |a Interacci¢n educativa, 4 
653 |a Educacion 
653 |a Evaluacion 
653 |a Formacion docente 
859 |a CEMS  |b BIB. CEMS - 11 de abril  |h 370.7  |i G165a2  |p 12819.83  |t Ej.1